MARC

LEADER 00000nam0a2200000 4500
001 202593
005 20231031185412.0
010 |a 562800393Х 
035 |a (RuTPU)RU\TPU\book\220758 
090 |a 202593 
100 |a 20111015d1990 k y0rusy50 ca 
101 0 |a rus 
102 |a KZ 
105 |a y z 001zy 
200 1 |a Оценки спектра оператора Штурма-Лиувилля  |f М. О. Отелбаев  |g Академия наук Казахской ССР (АН КазССР), Институт математики и механики 
210 |a Алма-Ата  |c Гылым  |d 1990 
215 |a 191 с. 
320 |a Библиография в конце глав. 
610 1 |a дифференциальные операторы 
610 1 |a спектральная теория 
610 1 |a оценка 
610 1 |a оператор Штурма-Лиувилля 
610 1 |a собственные числа 
610 1 |a спектры 
610 1 |a распределение 
675 |a 517.984  |v 3 
700 1 |a Отелбаев  |b М. О.  |g Мухтарбай Отелбаевич 
712 0 2 |a Академия наук Казахской ССР (АН КазССР)  |b Институт математики и механики  |c (Алма-Ата)  |c (1965-1992)  |2 stltpush  |3 (RuTPU)RU\TPU\col\15666 
801 1 |a RU  |b 63413507  |c 20111015 
801 2 |a RU  |b 63413507  |c 20111021  |g RCR 
942 |c BK